| 000 | 00904nam a2200253 a 4500 | ||
|---|---|---|---|
| 008 | |||
| 020 | _a9781844076970 (hbk.) | ||
| 049 | _aMAIN | ||
| 090 |
_aGE149 _bASS |
||
| 245 | 1 | 0 |
_aAssessing vulnerability to global enviromental change : _bMaking research useful for adaptaption,decision making and policy / _cedited by Anthony G. Patt etal.. |
| 260 |
_aLondon : _bEarthscan, _c2009 |
||
| 300 |
_axix, 258 p. : _bill. ; _c24 cm. |
||
| 504 | _aIncludes bibliographical references. | ||
| 500 | _aIncludes index. | ||
| 650 | 1 |
_aGlobal enviromental change _xEnviromental policy _xEnviromental risk assessment. |
|
| 700 | _ade la Vega-Leinert, Cristina A | ||
| 700 | _aKlein, Richard F, T. | ||
| 700 | _aSchroter, Dagmar. | ||
| 907 |
_a.b10274765 _b18-03-10 _c03-03-10 |
||
| 003 | |||
| 005 | 20230123125014.0 | ||
| 040 | _cNUST | ||
| 942 |
_cBOOKS _kGE149 _mASS |
||
| 999 |
_c134059 _d134059 |
||